书目信息 |
| 题名: |
化学制药工艺学
|
|
| 作者: | 王亚楼 编著 | |
| 分册: | ||
| 出版信息: | 北京 化学工业出版社 2018重印 |
|
| 页数: | 302页 | |
| 开本: | 26cm | |
| 丛书名: | ||
| 单 册: | ||
| 中图分类: | TQ460.6 | |
| 科图分类: | ||
| 主题词: | 药物--yao wu--生产工艺--高等学校--教材 | |
| 电子资源: | ||
| ISBN: | 978-7-122-03239-3 | |
| 000 | 00728nam0 2200253 45 | |
| 001 | 012001000389 | |
| 005 | 20140106082142.0 | |
| 010 | @a978-7-122-03239-3@dCNY38.00 | |
| 099 | @aCAL 012008138763 | |
| 100 | @a20081020d2008 fmky0chiy50 ea | |
| 101 | 0 | @achi |
| 102 | @aCN@b110000 | |
| 105 | @aak aj 000yy | |
| 106 | @ar | |
| 200 | 1 | @a化学制药工艺学@Ahua xue zhi yao gong yi xue@f王亚楼编著 |
| 210 | @a北京@c化学工业出版社@d2018重印 | |
| 215 | @a302页@c图@d26cm | |
| 320 | @a有书目 (第302页) | |
| 333 | @a高等学校教材 | |
| 606 | 0 | @a药物@Ayao wu@x生产工艺@x高等学校@j教材 |
| 690 | @aTQ460.6@v4 | |
| 701 | 0 | @a王亚楼@Awang ya lou@4编著 |
| 801 | 0 | @aCN@b北京卓展文化@c20191020 |
| 905 | @b1200374-7@dTQ460.6@e100@f4 | |
| 化学制药工艺学/王亚楼编著.-北京:化学工业出版社,2018重印 |
| 302页:图;26cm |
| 使用对象:高等学校教材 |
| ISBN 978-7-122-03239-3:CNY38.00 |
| ● |
| 相关链接 |
|
|
|
|
正题名:化学制药工艺学
索取号:TQ460.6/100
 
预约/预借
| 序号 | 登录号 | 条形码 | 馆藏地/架位号 | 状态 | 备注 |
| 1 | 1200374 | 212003749 | 第二样本阅览室/ [索取号:TQ460.6/100] | 在馆 | |
| 2 | 1200375 | 212003758 | 第三借阅区/ [索取号:TQ460.6/100] | 在馆 | |
| 3 | 1200376 | 212003767 | 第三借阅区/ [索取号:TQ460.6/100] | 在馆 | |
| 4 | 1200377 | 212003776 | 第三借阅区/ [索取号:TQ460.6/100] | 在馆 |